[Event "Warsaw Szansa rapid op"]
[Site "Warsaw"]
[Date "2023.09.17"]
[Round "6"]
[White "Golecki, Jan"]
[Black "Rudzinska, Michalina"]
[Result "0-1"]
[WhiteElo "2183"]
[BlackElo "2228"]
[PlyCount "104"]
[EventDate "2023.09.17"]
[EventType "swiss (rapid)"]
[EventRounds "9"]
[EventCountry "POL"]
[SourceTitle "EXT 2024"]
[Source "ChessBase"]
[SourceDate "2023.10.10"]
[SourceVersion "1"]
[SourceVersionDate "2023.10.10"]
[SourceQuality "1"]

1. e4 c6 2. d4 d5 3. exd5 cxd5 4. Bd3 Nf6 5. Nf3 Nc6 6. 0-0 Bg4 7. c3 e6 8. h3 Bh5 9. Bf4 Bd6 10. Bxd6 Qxd6 11. Nbd2 0-0 12. Qe1 Bg6 13. Ne5 Rac8 14. f4 Bxd3 15. Nxd3 Ne7 16. g4 Rfe8 17. Qe2 Nd7 18. Ne5 Nb6 19. Rf3 f6 20. Nd3 Nc4 21. Nxc4 dxc4 22. Nf2 Nd5 23. Ne4 Qc6 24. g5 f5 25. Nd2 b5 26. h4 b4 27. h5 bxc3 28. bxc3 Qa4 29. Nf1 Qa3 30. Rb1 Qd6 31. Qd2 Rb8 32. Re1 Rb6 33. Ne3 Rc8 34. Nxd5 Qxd5 35. Rfe3 Rcb8 36. Qg2 Qd6 37. Re5 Rb2 38. R1e2 Rb1+ 39. Kh2 Rc1 40. Qf3 Rbb1 41. Qa8+ Qf8 42. Qc6 Rh1+ 43. Qxh1 Rxh1+ 44. Kxh1 Qa8+ 45. Kh2 Qf3 46. Rxe6 Qxf4+ 47. Kh1 Qh4+ 48. Rh2 Qxg5 49. d5 f4 50. d6 Qd5+ 51. Kg1 Qxe6 52. Kf2 Qxd6 0-1

[Event "Warsaw Szansa rapid op"]
[Site "Warsaw"]
[Date "2023.09.17"]
[Round "4"]
[White "Nasuta, Grzegorz"]
[Black "Golecki, Jan"]
[Result "1-0"]
[WhiteElo "2579"]
[BlackElo "2183"]
[PlyCount "97"]
[EventDate "2023.09.17"]
[EventType "swiss (rapid)"]
[EventRounds "9"]
[EventCountry "POL"]
[SourceTitle "EXT 2024"]
[Source "ChessBase"]
[SourceDate "2023.10.10"]
[SourceVersion "1"]
[SourceVersionDate "2023.10.10"]
[SourceQuality "1"]

1. e4 e5 2. Nf3 Nc6 3. Bc4 Bc5 4. 0-0 Nf6 5. d3 d6 6. c3 0-0 7. h3 a5 8. Re1 Bb6 9. Nbd2 Be6 10. Bb5 Ne7 11. d4 c6 12. Bd3 Ng6 13. Nf1 Nh5 14. Bc2 Nhf4 15. Ng3 Re8 16. Be3 Nh4 17. Bxf4 exf4 18. Nh5 d5 19. e5 c5 20. Nxf4 Nxf3+ 21. Qxf3 cxd4 22. cxd4 Bxd4 23. Bxh7+ Kxh7 24. Qd3+ g6 25. Qxd4 Qg5 26. Rac1 Rac8 27. b3 Qf5 28. Kh2 Kg7 29. Nd3 Rh8 30. Kg1 Rc6 31. Rxc6 bxc6 32. Re3 Qg5 33. Kh2 Bf5 34. Nc5 Kh7 35. e6 f6 36. g4 Bb1 37. e7 Re8 38. Nd7 Kg7 39. Re6 Be4 40. Qxf6+ Qxf6 41. Nxf6 Kf7 42. Nxe8 Kxe6 43. Nf6 Kxe7 44. Nxe4 dxe4 45. Kg3 g5 46. h4 Kf6 47. h5 c5 48. a4 Ke5 49. Kg2 1-0

[Event "POL-ch U20"]
[Site "Karpacz"]
[Date "2022.11.23"]
[Round "6"]
[White "Golecki, Jan"]
[Black "Janeczko, Jakub"]
[Result "0-1"]
[WhiteElo "2197"]
[BlackElo "2207"]
[PlyCount "99"]
[EventDate "2022.11.19"]
[EventType "swiss"]
[EventRounds "9"]
[EventCountry "POL"]
[SourceTitle "EXT 2024"]
[Source "ChessBase"]
[SourceDate "2023.10.10"]
[SourceVersion "1"]
[SourceVersionDate "2023.10.10"]
[SourceQuality "1"]

1. e4 c5 2. Nf3 Nc6 3. Bb5 e5 4. d3 Nge7 5. Nc3 g6 6. Be3 d6 7. Qd2 h6 8. h3 Bg7 9. g4 Be6 10. Bc4 Nd4 11. Bxd4 exd4 12. Nd5 Nxd5 13. Bxd5 Bxd5 14. exd5 Qf6 15. Nh2 h5 16. f4 Qh4+ 17. Qf2 Qxh3 18. 0-0-0 hxg4 19. Qe2+ Kd7 20. Nxg4 Qxh1 21. Rxh1 Rxh1+ 22. Kd2 Re8 23. Qg2 Rh5 24. b3 Rf5 25. Qg3 Rh5 26. Kc1 b5 27. Nf2 Re3 28. Qg4+ Rf5 29. Qh4 Bf6 30. Qg4 Bg7 31. Qh4 Rf3 32. Nh3 Ke8 33. Qe1+ Re3 34. Qa5 Rxh3 35. Qxb5+ Ke7 36. Qb7+ Kf6 37. Qb8 Bh6 38. Qxd6+ Kg7 39. Qxc5 Bxf4+ 40. Kb2 Rhh5 41. Qxa7 Rxd5 42. a4 Bd2 43. Qb7 Bc3+ 44. Ka3 Rh1 45. b4 Ra1+ 46. Kb3 Rb1+ 47. Ka2 Rb2+ 48. Ka3 Re5 49. Qh1 Rxb4 50. Qh8+ 0-1

[Event "Warsaw YMCA Golden Autumn 267th"]
[Site "Warsaw"]
[Date "2022.09.30"]
[Round "11"]
[White "Golecki, Jan"]
[Black "Celinski, Kamil"]
[Result "1-0"]
[WhiteElo "2193"]
[BlackElo "1959"]
[PlyCount "81"]
[EventDate "2022.09.30"]
[EventType "tourn"]
[EventRounds "13"]
[EventCountry "POL"]
[SourceTitle "EXT 2024"]
[Source "ChessBase"]
[SourceDate "2023.10.10"]
[SourceVersion "1"]
[SourceVersionDate "2023.10.10"]
[SourceQuality "1"]

1. e4 e5 2. Nf3 Nc6 3. Bb5 a6 4. Ba4 Nf6 5. 0-0 Be7 6. Re1 b5 7. Bb3 0-0 8. a4 Bb7 9. d3 d6 10. Nbd2 Nd7 11. c3 Nc5 12. axb5 axb5 13. Rxa8 Qxa8 14. Bc2 b4 15. d4 bxc3 16. bxc3 Nd7 17. Nf1 Qa1 18. Ne3 exd4 19. cxd4 Nb4 20. Nf5 Bf6 21. Ba4 Nb6 22. Bb3 Qb1 23. Nd2 Qa1 24. Nf1 Nc6 25. e5 dxe5 26. Nh6+ Kh8 27. Nxf7+ Rxf7 28. Bxf7 Nxd4 29. Qh5 Nd7 30. Be8 Nf8 31. Qf7 Ng6 32. Qxc7 Qa8 33. Be3 Bxg2 34. Bxd4 Nf4 35. Bd7 Bxf1 36. Bc6 Nh3+ 37. Kxf1 Qa6+ 38. Kg2 Nf4+ 39. Kh1 h5 40. Be4 g5 41. Qh7# 1-0

[Event "POL-ch blitz"]
[Site "Suwalki"]
[Date "2022.09.24"]
[Round "10"]
[White "Kacprzak, Kacper"]
[Black "Golecki, Jan"]
[Result "1/2-1/2"]
[WhiteElo "2249"]
[BlackElo "2193"]
[PlyCount "131"]
[EventDate "2022.09.24"]
[EventType "swiss (blitz)"]
[EventRounds "15"]
[EventCountry "POL"]
[SourceTitle "CBM 210 Extra"]
[Source "ChessBase"]
[SourceDate "2022.11.30"]
[SourceVersion "1"]
[SourceVersionDate "2022.11.30"]
[SourceQuality "1"]

1. d4 Nf6 2. c4 e6 3. Nc3 d5 4. cxd5 exd5 5. Bg5 a6 6. Nf3 c6 7. Qc2 Bd6 8. e4 dxe4 9. Nxe4 Be7 10. Be2 0-0 11. Nxf6+ Bxf6 12. Bxf6 Qxf6 13. 0-0 Be6 14. Rfe1 Nd7 15. Bc4 Rfe8 16. Bxe6 Rxe6 17. Qb3 Rxe1+ 18. Rxe1 b5 19. h3 Nb6 20. Qc2 h6 21. Ne5 Re8 22. Rc1 Qf4 23. Rd1 Rd8 24. Nxc6 Rd7 25. Qc5 Nd5 26. Ne5 Rd8 27. Qc1 Qf5 28. Qb1 Qf6 29. Qe4 g6 30. a3 Kg7 31. Rc1 Nf4 32. Rc6 Rxd4 33. Qxd4 Ne2+ 34. Kf1 Nxd4 35. Rxf6 Kxf6 36. Nd7+ Ke7 37. Nc5 a5 38. Ke1 b4 39. axb4 axb4 40. Nd3 b3 41. Kd2 Kd6 42. Kc3 Kd5 43. Nc1 Ke4 44. Nxb3 Ne2+ 45. Kd2 Nf4 46. g3 Nxh3 47. Ke2 Ng5 48. Nd2+ Kd5 49. Kd3 Ne6 50. b4 f5 51. Nb1 g5 52. Nc3+ Kc6 53. Kc4 Nc7 54. b5+ Kb6 55. Kb4 f4 56. Na4+ Kb7 57. g4 Nd5+ 58. Kc5 Nf6 59. f3 h5 60. gxh5 Nxh5 61. Nb2 Nf6 62. Nc4 g4 63. fxg4 Nxg4 64. Nd6+ Kb8 65. Kd4 Kc7 66. Nc4 1/2-1/2

[Event "POL-ch blitz"]
[Site "Suwalki"]
[Date "2022.09.24"]
[Round "6"]
[White "Piesik, Piotr"]
[Black "Golecki, Jan"]
[Result "0-1"]
[WhiteElo "2431"]
[BlackElo "2193"]
[PlyCount "78"]
[EventDate "2022.09.24"]
[EventType "swiss (blitz)"]
[EventRounds "15"]
[EventCountry "POL"]
[SourceTitle "CBM 210 Extra"]
[Source "ChessBase"]
[SourceDate "2022.11.30"]
[SourceVersion "1"]
[SourceVersionDate "2022.11.30"]
[SourceQuality "1"]

1. Nf3 d5 2. g3 Nf6 3. Bg2 c5 4. 0-0 e6 5. d3 Bd6 6. Nbd2 0-0 7. e4 Nc6 8. Qe2 Qc7 9. Re1 e5 10. exd5 Nxd5 11. Nc4 Bg4 12. c3 Rfe8 13. Nxd6 Qxd6 14. Qc2 Rad8 15. Nd2 b6 16. Nc4 Qc7 17. Ne3 Nxe3 18. Bxe3 Bf5 19. Be4 Bg6 20. Qa4 Re6 21. Rad1 h6 22. f4 f5 23. Bf3 Kh7 24. Bf2 e4 25. dxe4 Rxd1 26. Rxd1 fxe4 27. Bg4 Rd6 28. Rxd6 Qxd6 29. f5 b5 30. Qxe4 Bf7 31. Be3 Qf6 32. a3 Ne5 33. Be2 Nd7 34. Bxb5 Nb6 35. Bf4 Nd5 36. Be5 Qg5 37. Bf1 h5 38. f6+ Bg6 39. Qxd5 Qe3+ 0-1

[Event "Warsaw Szansa op"]
[Site "Warsaw"]
[Date "2022.09.18"]
[Round "8"]
[White "Smieszek, Wojciech"]
[Black "Golecki, Jan"]
[Result "0-1"]
[WhiteElo "2082"]
[BlackElo "2193"]
[PlyCount "106"]
[EventDate "2022.09.17"]
[EventType "swiss (rapid)"]
[EventRounds "11"]
[EventCountry "POL"]
[SourceTitle "EXT 2023"]
[Source "ChessBase"]
[SourceDate "2022.10.05"]
[SourceVersion "1"]
[SourceVersionDate "2022.10.05"]
[SourceQuality "1"]

1. e4 e5 2. Nf3 Nc6 3. Bb5 a6 4. Ba4 d6 5. 0-0 Bd7 6. c3 g6 7. Qe2 Bg7 8. Rd1 Nf6 9. d4 0-0 10. Bc2 h6 11. Nbd2 Qe7 12. Nf1 Rae8 13. Ne3 Nd8 14. dxe5 dxe5 15. Bb3 Bc6 16. Nd5 Nxd5 17. exd5 Bd7 18. Be3 Kh7 19. a4 e4 20. Nd4 f5 21. Bf4 Bc8 22. Qc4 Be5 23. Bxe5 Qxe5 24. d6 c5 25. Ne2 Be6 26. Rd5 Bxd5 27. Qxd5 Qxd5 28. Bxd5 Rf6 29. Rd1 Nf7 30. d7 Rd8 31. Bxb7 Nd6 32. Bxa6 Rxd7 33. b4 Ra7 34. b5 Nc4 35. Rd5 Nb6 36. Rxc5 Nxa4 37. Rc4 Nb6 38. Rc5 Rd6 39. Nd4 Na4 40. Rc6 Rad7 41. g3 Nxc3 42. Rxc3 Rxd4 43. b6 Rb4 44. Rc7 Rg7 45. Rc6 h5 46. h4 Kh6 47. b7 Rd7 48. Kf1 Rd2 49. Ke1 Ra2 50. Kf1 Rb1+ 51. Kg2 e3 52. Rc1 Rxf2+ 53. Kh3 Rxc1 0-1

[Event "Warsaw Szansa op"]
[Site "Warsaw"]
[Date "2022.09.17"]
[Round "6"]
[White "Golecki, Jan"]
[Black "Kozak, Antoni"]
[Result "1-0"]
[WhiteElo "2193"]
[BlackElo "2434"]
[PlyCount "61"]
[EventDate "2022.09.17"]
[EventType "swiss (rapid)"]
[EventRounds "11"]
[EventCountry "POL"]
[SourceTitle "EXT 2023"]
[Source "ChessBase"]
[SourceDate "2022.10.05"]
[SourceVersion "1"]
[SourceVersionDate "2022.10.05"]
[SourceQuality "1"]

1. e4 c5 2. Nf3 d6 3. d4 cxd4 4. Qxd4 Nf6 5. Bg5 Nc6 6. Bb5 e6 7. Nc3 Bd7 8. Qd3 Be7 9. 0-0-0 h6 10. Bh4 Qc7 11. Rhe1 g5 12. Bg3 g4 13. Bxc6 bxc6 14. e5 Nd5 15. Ne4 gxf3 16. exd6 Qa5 17. dxe7 Qxa2 18. Bh4 Qa1+ 19. Kd2 Qa5+ 20. Qc3 Qxc3+ 21. bxc3 Bc8 22. Nd6+ Kd7 23. Nxf7 Re8 24. c4 Nxe7 25. Kc3+ Kc7 26. Bg3+ e5 27. Bxe5+ Kb6 28. Rb1+ Ka6 29. Ra1+ Kb6 30. Reb1+ Kc5 31. Bd6# 1-0